US Capital Cities - Statistics

General Stats
  • This quiz has been taken 20 times
  • The average score is 27 of 50
Answers on the Map
Answers color-coded by a green-red scale on the quiz's map according to % correct below.
 
Answer Stats
City % Correct
Denver
88%
Atlanta
81%
Austin
81%
Oklahoma City
81%
Sacramento
81%
Salt Lake City
81%
Baton Rouge
75%
Nashville
75%
Phoenix
75%
Albany
69%
Little Rock
69%
Olympia
69%
Springfield
69%
Boise
63%
Boston
63%
Columbia
63%
Tallahassee
63%
Bismarck
56%
Carson City
56%
Cheyenne
56%
Honolulu
56%
Jackson
56%
Juneau
56%
Lincoln
56%
Madison
56%
Pierre
56%
Saint Paul
56%
Santa Fe
56%
Topeka
56%
Hartford
50%
Helena
50%
Indianapolis
50%
Montgomery
50%
Providence
50%
Richmond
50%
Salem
50%
Frankfort
44%
Raleigh
44%
Augusta
38%
Charleston
38%
Des Moines
38%
Dover
38%
Harrisburg
38%
Jefferson City
38%
Lansing
38%
Annapolis
31%
Trenton
31%
Concord
25%
Montpelier
25%
Colombus
6%
No matching quizzes found
Score Distribution
Percent of People with Each Score
Percentile by Number Answered
Your Score History
You have not taken this quiz